| 000 -ლიდერი |
| ფიქსირებული სიგრძის საკონტროლო ველი |
01621nam a2200253Ia 4500 |
| 001 - საკონტროლო ნომერი |
| საკონტროლო ველი |
14082 |
| 003 - საკონტროლო ნომრის იდენტიფიკატორი |
| საკონტროლო ველი |
GE_BSU |
| 005 - ბოლო ოპერაციის თარიღი და დრო |
| საკონტროლო ველი |
20241018171828.0 |
| 008 - ფიქსირებული სიგრძის მონაცემთა ელემენტები - ზოგადი ინფორმაცია |
| ფიქსირებული სიგრძის საკონტროლო ველი |
181216s ||||ge |||||||||||||| ||geo|| |
| 020 ## - წიგნის საერთაშორისო სტანდარტული ნომერი |
| International Standard Book Number |
9789941060243 |
| 040 ## - კატალოგიზაციის წყარო |
| Transcribing agency |
GE_BSU |
| 080 ## - უნივერსალური ათობითი კლასიფიკაციის ინდექსი |
| Universal Decimal Classification number |
616.831-005-073.756.8 |
| 100 ## - მთავარი ჩანაწერი - პიროვნების სახელი |
| Personal name |
თოდუა, ფრიდონ |
| 9 (RLIN) |
23455 |
| 245 ## - ცნობა სათაურის შესახებ |
| Title |
ექსტრაკრანიული სისხლძარღვების პათოლოგიათა არაინვაზიური სხივური დიაგნოსტიკა : |
| Remainder of title |
[მონოგრაფია] / |
| Statement of responsibility, etc |
ფრიდონ თოდუა, დუდანა გაჩეჩილაძე ; რედ. ალ. ცისკარიძე. |
| 264 ## - წარმოების, გამოცემის, დისტრიბუციის და სხვა ცნობები |
| გამოცემის, წარმოების, დისტრიბუციის... ადგილი |
თბილისი : |
| გამოცემის, წარმოების, დისტრიბუციის... სახელწოდება |
შპს ფავორიტი სტილში, |
| გამოცემის, წარმოების, დისტრიბუციის... თარიღი |
2014. |
| 300 ## - ფიზიკური აღწერა |
| Extent |
186 გვ. : |
| Other physical details |
ილ. ; |
| Dimensions |
28 სმ. |
| 504 ## - BIBLIOGRAPHY, ETC. NOTE |
| Bibliography, etc |
ბიბლიოგრ. : გვ. 166-185 |
| 653 ## - INDEX TERM--UNCONTROLLED |
| Uncontrolled term |
ექსტრაკრანიული სისხლძარღვების პათოლოგიათა არაინვაზიური სხივური დიაგნოსტიკა. |
| 653 ## - INDEX TERM--UNCONTROLLED |
| Uncontrolled term |
თავის ტვინის სისხლის მიმოქცევის პათოლოგიის ტომოგრაფიული დიაგნოსტიკა |
| 700 ## - ADDED ENTRY--PERSONAL NAME |
| Personal name |
გაჩეჩილაძე, დუდანა |
| Relator term |
ავტორი |
| 9 (RLIN) |
23456 |
| 700 ## - ADDED ENTRY--PERSONAL NAME |
| Personal name |
ცისკარიძე, ალ. |
| Relator term |
რედაქტორი |
| 9 (RLIN) |
23457 |
| 942 ## - ADDED ENTRY ELEMENTS (KOHA) |
| Koha item type |
წიგნი |
| Source of classification or shelving scheme |
|